000 01887nam a2200313 a 4500
001 000013658
005 20260417183802.0
008 091127s2005 dr r 001 0 spa d
040 _aDO-SdBNP
_bspa
_cBNPHU
082 _a362.7
_bB333c
100 1 _aBatista, José D.
_912688
245 1 0 _aCómo pasar de la adolescencia a la juventud con éxito : manual para la enseñanza de valores, derechos y deberes sociales /
_cJosé D. Batista.
260 _aSan Juan, Puerto Rico :
_bOriental,
_c2005.
300 _a81 p. ;
_c22 cm.
490 1 _aConciencia
500 _aInstrucciones para leer el libro con adolescentes
500 _aEducando para la paz
500 _aIncluye datos biográficos del autor en la contracubierta
505 2 _aDedicatoria -- Introducción. El ciudadano en formación -- Capítulo 1. Qué es la adolescencia -- Capítulo 2. La adolescencia, la transición y la protección -- Capítulo 3. La adolescencia y las relaciones -- Capítulo 4. La adolescencia y las decisiones en la vida -- Capítulo 5. La adolescencia y grupo de apoyo --Capítulo 6. El fundamento de mis derechos -- Capítulo 7. Deberes sociales, derecho natural y cultural -- Capítulo 8. La identidad, los valores y la responsbilidad social -- Capítulo 10. Los valores y los derechos -- La reciprocidad y la armonía social -- Apéndice. Documentos importantes para leer -- Recomendaciones -- Valores, los derechos y deberes universales del hombre, según la Biblia.
590 _aInventariado, 2018/BT
650 4 _aAdolescencia
_xAspectos sociales
_9383
650 0 _aRelaciones interpersonales en la adolescencia
_931083
650 0 _aValores sociales
_91087
650 0 _aValores (Filosofía)
_9604
650 4 _aResponsabilidad en la adolescencia
_931084
650 0 _aEducación moral
_91607
830 0 _aConciencia
_912689
910 _aValidado. Control de calidad. MMOLINA
999 _c13272
_d13272